|
|
|
|
| LEADER |
00767nab#a2200277#ar4500 |
| 001 |
000004713 |
| 003 |
SVKKK |
| 005 |
20031007094825.0 |
| 008 |
031007c1996 e sloo |
| FMT |
|
|
|
| 038 |
|
|
|a SVKKK
|
| 040 |
|
|
|a SVKKK
|b slo
|e AACR2
|
| 041 |
0 |
|
|a slo
|
| 080 |
|
|
|a 358.42
|2 1981
|
| 245 |
0 |
0 |
|a Čierne ráno Bieleho albatrosa :
|b Neďaleko preplneného blšáku havarovalo lietadlo, z ktorého sa predtým katapultovali dvaja piloti
|
| 260 |
|
|
|c 1996
|
| 650 |
0 |
4 |
|a havária lietadiel
|z Košice
|
| 650 |
0 |
4 |
|a letectvo vojenské
|z Biele albatrosy
|
| 650 |
0 |
4 |
|a reportáže
|
| 773 |
0 |
|
|t Košický večer
|g Roč. 7, č. 138(1996), dát. 0717, s. 1
|
| 957 |
|
|
|a Košice
|
| 974 |
|
|
|a Cr
|
| 992 |
|
|
|a RBX
|
| BAS |
|
|
|
| 852 |
|
|
|a SVKKK
|b BIB
|
| 998 |
|
|
|a REG
|